00475 2200169 4500001002100000008004100021035002000062245006900082100001800151260003700169300002600206020002200232084001800254082001100272650001000283990001200293INLIS000000000001420 Ind  a0010-0924000017 a500 Tokoh Muslim Dunia Paling Berpengaruh saat inicJordan Amman aAmman, Jordan aJakartabPhonix Publlisingc2013 a325 hlmc16,5 x 24 cm a978-602-7689-52-7 a297.092 JOR 5 a297092 aAgama a0750921